[Event "FRA-chT U20 16 GP Basse 1213"]
[Site "France"]
[Date "2013.05.20"]
[Round "11"]
[White "White, Dylan"]
[Black "Charbonnel, Christophe"]
[Result "1-0"]
[WhiteElo "1190"]
[BlackElo "1240"]
[PlyCount "107"]
[EventDate "2012.12.01"]
[EventType "team"]
[EventRounds "11"]
[EventCountry "FRA"]
[SourceTitle "EXT 2014"]
[Source "ChessBase"]
[SourceDate "2013.11.20"]
[SourceVersion "1"]
[SourceVersionDate "2013.11.20"]
[SourceQuality "1"]
[WhiteTeam "Lutece (U20)"]
[BlackTeam "Vandoeuvre U20"]
[WhiteTeamCountry "FRA"]
[BlackTeamCountry "FRA"]

1. e4 c5 2. Nf3 Nc6 3. d4 cxd4 4. Nxd4 g6 5. Nc3 Bg7 6. Nf3 Nf6 7. Be2 0-0 8. 0-0 d6 9. Be3 Be6 10. Qd2 Ng4 11. Bf4 f5 12. h3 Nf6 13. exf5 Bxf5 14. Bh6 d5 15. Rad1 d4 16. Bxg7 Kxg7 17. Nxd4 Nxd4 18. Qxd4 Bxc2 19. Qxd8 Raxd8 20. Rc1 Bf5 21. Rfd1 e5 22. g4 Be4 23. Nxe4 Nxe4 24. f3 Ng5 25. Kg2 e4 26. fxe4 Nxe4 27. Bf3 Ng5 28. Be2 Ne4 29. Bf3 Ng5 30. Bxb7 Rb8 31. h4 Rxb7 32. hxg5 Rxb2+ 33. Kg3 Rxa2 34. Rd7+ Rf7 35. Rd8 Raf2 36. Rc3 a5 37. Ra8 Ra2 38. Rcc8 Ra3+ 39. Kh4 Rff3 40. Rg8+ Kf7 41. Rgf8+ Kg7 42. Rxf3 Rxf3 43. Rxa5 h6 44. Ra7+ Rf7 45. Rxf7+ Kxf7 46. gxh6 Kg8 47. g5 Kh7 48. Kg4 Kg8 49. Kf4 Kh7 50. Ke5 Kg8 51. Kf6 Kh7 52. Kf7 Kh8 53. Kxg6 Kg8 54. Kf6 1-0

[Event "FRA-chT U20 GpB 1213"]
[Site "France"]
[Date "2012.12.03"]
[Round "3"]
[White "Hadji, Rasla"]
[Black "White, Dylan"]
[Result "0-1"]
[WhiteElo "1240"]
[BlackElo "1190"]
[PlyCount "50"]
[EventDate "2012.12.01"]
[EventType "team"]
[EventRounds "7"]
[EventCountry "FRA"]
[SourceTitle "EXT 2014"]
[Source "ChessBase"]
[SourceDate "2013.11.20"]
[SourceVersion "1"]
[SourceVersionDate "2013.11.20"]
[SourceQuality "1"]
[WhiteTeam "Clichy (U20)"]
[BlackTeam "Lutece (U20)"]
[WhiteTeamCountry "FRA"]
[BlackTeamCountry "FRA"]

1. e4 e5 2. Nf3 Nc6 3. d4 exd4 4. Nxd4 Bc5 5. Nxc6 bxc6 6. Bd3 d5 7. exd5 cxd5 8. 0-0 Ne7 9. Bb5+ c6 10. Bd3 0-0 11. c4 Re8 12. Nc3 d4 13. Ne4 Bb6 14. Qf3 Ng6 15. c5 Bc7 16. Bc4 Be6 17. Bxe6 Rxe6 18. Ng5 Rf6 19. Qh3 h6 20. Ne4 Re6 21. Re1 Qe8 22. Qd3 Ba5 23. Re2 Rd8 24. Nd6 Rdxd6 25. Rxe6 Rxe6 0-1

[Event "FRA-chT U20 GpB 1213"]
[Site "France"]
[Date "2012.12.01"]
[Round "1"]
[White "Grimaldi, Antonin"]
[Black "White, Dylan"]
[Result "1-0"]
[WhiteElo "1266"]
[BlackElo "1190"]
[PlyCount "45"]
[EventDate "2012.12.01"]
[EventType "team"]
[EventRounds "7"]
[EventCountry "FRA"]
[SourceTitle "EXT 2014"]
[Source "ChessBase"]
[SourceDate "2013.11.20"]
[SourceVersion "1"]
[SourceVersionDate "2013.11.20"]
[SourceQuality "1"]
[WhiteTeam "Villepinte (U20)"]
[BlackTeam "Lutece (U20)"]
[WhiteTeamCountry "FRA"]
[BlackTeamCountry "FRA"]

1. e4 e5 2. Nf3 Nc6 3. Bc4 Nf6 4. Ng5 d5 5. exd5 Na5 6. Bb5+ c6 7. dxc6 bxc6 8. Be2 h6 9. Nf3 e4 10. Ne5 Qd4 11. Ng4 Nxg4 12. Bxg4 Bc5 13. 0-0 Ba6 14. d3 exd3 15. Qe1+ Kf8 16. Qxa5 Bb5 17. Be3 Qxg4 18. Bxc5+ Kg8 19. cxd3 Bxd3 20. f3 Qc4 21. Rd1 Qc2 22. Nc3 Bb5 23. b3 1-0

[Event "FRA-chT U20 GpB 1213"]
[Site "France"]
[Date "2012.12.01"]
[Round "1"]
[White "White, Dylan"]
[Black "Sansone, Adam"]
[Result "0-1"]
[WhiteElo "1190"]
[BlackElo "1380"]
[PlyCount "56"]
[EventDate "2012.12.01"]
[EventType "team"]
[EventRounds "7"]
[EventCountry "FRA"]
[SourceTitle "EXT 2014"]
[Source "ChessBase"]
[SourceDate "2013.11.20"]
[SourceVersion "1"]
[SourceVersionDate "2013.11.20"]
[SourceQuality "1"]
[WhiteTeam "Lutece (U20)"]
[BlackTeam "Villepinte (U20)"]
[WhiteTeamCountry "FRA"]
[BlackTeamCountry "FRA"]

1. e4 e5 2. Nf3 Nc6 3. Nc3 Nf6 4. Bb5 Bb4 5. d3 d6 6. Bd2 Be6 7. a3 Bc5 8. 0-0 0-0 9. b4 Bb6 10. Bg5 Re8 11. Nd5 a6 12. Ba4 Ba7 13. c4 Rb8 14. b5 axb5 15. Bxb5 h6 16. Bh4 Rf8 17. Bxf6 gxf6 18. Qa4 Ra8 19. Qb3 Nd4 20. Nxd4 Bxd4 21. Rac1 c6 22. Qd1 f5 23. Qh5 Qg5 24. Qxg5+ hxg5 25. Ne7+ Kg7 26. Ba4 Rxa4 27. exf5 Bd7 28. Rb1 b6 0-1